Pompei /

Salvato in:
Dettagli Bibliografici
Autore principale: Maiuri, Amedeo (autor)
Natura: Libro
Lingua:italiano
Edizione:5a edición
Soggetti:
Tags: Aggiungi Tag
Nessun Tag, puoi essere il primo ad aggiungerne!!

MARC

LEADER 00000nam^a2200000^a^4500
001 000107713
005 20250521000000.0
009 20260310093620.932
037 |a Acervo ITESO - Biblioteca 
041 |a ITA 
082 |a 709. 4573  |b MAI 
100 |a Maiuri, Amedeo  |e (autor) 
245 1 0 |a Pompei /  |c A. Maiuri. 
250 |a 5a edición 
264 |a Novara, Italia :  |b Istituto Geografico De Agostini,  |c 1957 
300 |a 179 p. 
336 |a texto  |b txt  |2 rdacontenido 
337 |a sin mediación  |b n  |2 rdamedio 
338 |a volumen  |b nc  |2 rdasoporte 
649 |a XX 
650 |a Arquitectura Romana 
650 |a Pintura Romana 
650 |a Pintura Mural 
650 |a Escultura Romana 
650 |a Arte Romano 
650 |a Arquitectura Clásica 
650 |a Pintura Clásica -  |x Historia y Crítica 
650 |a Escultura Clásica 
650 |a Arte Clásico 
650 |a Arquitectura Italiana 
650 |a Pintura Italiana 
650 |a Escultura Italiana 
650 |a Arte Italiano 
650 |a Turismo -  |z Pompeya, Italia 
650 |a Turismo -  |z Italia 
650 |a Pompeya, Italia -  |x Descripción 
650 |a Pompeya, Italia -  |x Historia 
650 |a Roma -  |x Historia -  |y Alto Imperio, 31 a.C.-284 d.C. 
650 |a Roma -  |x Historia -  |y Imperio, 31 a.C.-476 d.C. 
650 |a Zonas Arqueológicas -  |x Historia 
650 |a Arqueología 
650 |a Historia Antigua 
910 |a Fondo Jesús Rodríguez 
920 |a Impresos - Libros 
930 |a Fondos Especiales 
905 |a 113 
901 |a 0500043186  |b IT2  |c ESP  |u 20250521 
902 |a https://opac.biblio.iteso.mx/vufind/Record/000107713